Films des années 2010 par images - Statistiques

Statistiques générales
  • Ce quiz a été pris 193 fois
  • Le résultat moyen est 15 sur 20
Statistiques - réponses
Par images Réponse % Correct
Joker
94%
Intouchables
93%
Les Tuche
93%
La La Land
91%
Le loup de Wall Street
90%
Interstellar
89%
Avengers
88%
La Vie d'Adèle
86%
Les Gardiens de la Galaxie
82%
Qu'est-ce qu'on a fait au Bon Dieu ?
82%
Inception
80%
Bohemian Rhapsody
77%
Parasite
76%
Le Prénom
75%
The Artist
73%
The Social Network
61%
Skyfall
58%
Django Unchained
57%
Seul sur Mars
55%
Le Discours d'un roi
36%
Aucun quiz correspondant
Distribution des résultats
% des personnes avec chaque résultat
Percentile par nombre de réponses
Votre historique - résultats
Vous n’avez pas pris ce quiz